| 000 | 00338nam a22001337a 4500 | ||
|---|---|---|---|
| 020 | _a0-442-01593-3 | ||
| 082 | _a621.3824 ANT'L | ||
| 100 |
_aLEE, S.W , LO, Y.T _965587 |
||
| 245 | _aANTENNA HANDBOOK , ANTENNA THEORY | ||
| 260 |
_aNEWYORK _bVAN NOSTRAND _c1993 |
||
| 300 | _aV-2 | ||
| 650 |
_aANTENNA(ELECTRONICS) _967399 |
||
| 942 | _cBK | ||
| 999 |
_c575191 _d575191 |
||